Siete cuentos registrados /
Guardado en:
| Autor Principal: | |
|---|---|
| Otros Autores: | , , , , , |
| Formato: | Libro |
| Idioma: | Undetermined |
| Publicado: |
Buenos Aires :
AZ,
2021.
|
| Materias: | |
| Etiquetas: |
Agregar Etiqueta
Sin Etiquetas, Sea el primero en etiquetar este registro!
|
| LEADER | 01456nam a22003615a 4500 | ||
|---|---|---|---|
| 001 | CEM.cems018970 | ||
| 008 | 211020s2021####ag############000#0#und#d | ||
| 005 | 20211104202214.0 | ||
| 003 | CEMS | ||
| 245 | 1 | 0 | |a Siete cuentos registrados / |c Mario Méndez [et al.] ; dirigido por Silvina Díaz. |
| 260 | |a Buenos Aires : |b AZ, |c 2021. | ||
| 300 | |a 96 p. | ||
| 500 | |a Editado por Luz Azcona. | ||
| 500 | |a Edición especial para el Ministerio de Educación de la Nación Argentina. | ||
| 505 | 0 | |a Tragos amargos / Andrea Ferrari -- El ascensorista / mario Méndez -- Un encuentro definitivo / Paula Bombara -- Solo la verdad, solo el amor / Germán Machado -- La Mona Lisa holandesa / Sandra Siemens -- Las tres / Martín Blasco -- Volver al mar / Nicolás Schuff | |
| 020 | |a 978987350503 | ||
| 100 | 1 | |a Mendéz, Mario. | |
| 700 | 1 | |a Ferrari, Andrea. | |
| 700 | 1 | |a Bombara, Paula. | |
| 700 | 1 | |a Machado, Germán. | |
| 700 | 1 | |a Blasco, Martín. | |
| 700 | 1 | |a Schuff, Nicolás. | |
| 700 | 1 | |a Díaz, Silvina; dir. | |
| 653 | |a Narrativa | ||
| 653 | |a Narrativa Argentina | ||
| 653 | |a Cuentos | ||
| 653 | |a Cuentos Argentinos | ||
| 653 | |a Literatura | ||
| 653 | |a Literatura Argentina | ||
| 653 | |a Colección Leer Abre Mundos | ||
| 859 | |a CEMS |b BIB. CEMS - Agricultura |h A868.4 |i M522 |p A3337.21 |t Ej.1 | ||
| 859 | |a CEMS |b BIB. CEMS - 11 de abril |h A868.4 |i M522 |p 29244.21 |t Ej. 1 | ||
| 859 | |a CEMS |b BIB. CEMS - 11 de abril |h A868.4 |i M522 |p 29122.21 |t Ej. 2 | ||
